000
00332nam a2200145Ia 4500
008
230312s9999||||xx |||||||||||||| ||und||
020
_a
81-317-2138-4
082
_a
658.5
_b
HEI-O
100
_a
Heizer;Jay
245
0
_a
Operations Management
260
_b
Heizer
_a
india
_c
2009
300
_a
757
650
_a
Management
942
_c
BK
999
_c
4466
_d
4466